Countries with Most Chileans - Statistics

General Stats
  • This quiz has been taken 109 times
  • The average score is 9 of 10
Answer Stats
Answer % Correct
Argentina
100%
United States
100%
Spain
98%
Brazil
93%
Australia
92%
France
92%
Canada
90%
Germany
87%
Sweden
52%
Venezuela
48%
No matching quizzes found
Score Distribution
Percent of People with Each Score
Percentile by Number Answered
Your Score History
You have not taken this quiz